000 02245nam0a22004331 4500
001 rc\2811594
005 20250806210649.0
035 _a(NLR Aleph) 006937434
090 _a12666
_c12666
100 _a20110915d1944 u y0rusy50 ca
101 1 _arus
_clit
102 _aRU
105 _ay z |||||
200 1 _aДайны
_eЛитовские нар. песни
_fПодгот. Ю. Жюгжда
_gПер. С. Мар
210 _aМосква
_cГослитиздат
_d1944
215 _a36 с.
_d16 см.
327 0 _aСодержание: Ю. Жюгжда. Немец-захватчик в литовских дайнах. Бородатые злодеи. Чорт проклятый. На войне с крестоносцами я не погибну. Мы победим. Восходит солнце на заре. Два сынка. Дальняя чужбина - прусская равнина. Зорька всходила. Холил гнедого. То не кукушка. Дни горемычные научили. Братья траву косили и др.
464 0 _12000#$aЗорька всходила
464 0 _12000#$aДальняя чужбина - прусская равнина
464 0 _12000#$aДва сынка
464 0 _12000#$aХолил гнедого
464 0 _12000#$aБратья траву косили
464 0 _12000#$aДни горемычные научили
464 0 _12000#$aТо не кукушка
464 0 _12000#$aБородатые злодеи
464 0 _12000#$aНемец-захватчик в литовских дайнах$fЮ. Жюгжда
464 0 _12000#$aНа войне с крестоносцами я не погибну
464 0 _12000#$aЧорт проклятый
464 0 _12000#$aМы победим
464 0 _12000#$aВосходит солнце на заре
702 1 _aЖюгжда
_bИ.
_gИозас
_4570
702 1 _aМар
_bС.Г.
_gСусанна Георгиевна
_4730
801 0 _aRU
_bNLR
_gpsbo
801 1 _aRU
_bELAR
_2rusmarc
852 _aNLR
_jЛ20 Г-2/38
942 _cBOOK
945 _aРоссийская национальная библиотека
980 _aNB
980 _aBV